| 000 | 00815nam a22002897b 4500 | ||
|---|---|---|---|
| 001 | 002163232 | ||
| 003 | DO-SdBPM | ||
| 005 | 20250219110354.0 | ||
| 007 | 002163232 | ||
| 008 | 070227s2006 sp a ||| ||spa | ||
| 015 | _a | ||
| 017 |
_a _b |
||
| 020 | _a9788498204377 | ||
| 035 | _a | ||
| 040 |
_aDO-SdBPM _bspa _cBPMSU _e |
||
| 082 | 4 |
_a 372.357 _bM678a 2006 _222 |
|
| 245 | 0 | 3 |
_aMis animales favoritos : _bel águila _h |
| 260 |
_aMadrid : _bEl País, _c2006. |
||
| 300 |
_a47 p. : _bil. ; _c19 cm |
||
| 490 | 0 |
_aMis animales favoritos, _v6 |
|
| 590 | _aInventariado, 2025/VM | ||
| 650 | 4 |
_aEducación ambiental _xEnseñanza primaria |
|
| 650 | 4 |
_aÁguilas _xhábitos y conductas |
|
| 650 | 4 |
_aAnimales _vCuentos infantiles |
|
| 910 | _aVMateo V. Control de calidad. BPMSU | ||
| 942 |
_2ddc _cBK |
||
| 999 |
_c14938 _d14938 |
||